Riconosci il Pokémon - Quiz n°580 - Statistics

Statistiche generali
  • Questo quiz è stato fatto 0 volte
  • Il punteggio medio è 0 su 10
Statistiche sulle risposte
Indizio Risposta % Corretto
Altezza 0,7 m
0%
Peso 33,3 kg; 66,6 kg (Alola)
0%
Tasso di cattura 50 (12.9%)
0%
Sesso 50% ♂, 50% ♀
0%
Pokémon Dugtrio
0%
Tasso di allevamento Medio-Veloce
0%
Generazione Prima
0%
Stadio evoluzione Prima evoluzione
0%
Tipo Terra; Terra / Acciaio (Alola)
0%
Abilità Trappoarena; Sabbiavelo (Normale; Alola); Silicoforza (Normale; Alola); Boccolidoro (Alola)
0%
Nessun quiz corrispondente trovato
Distribuzione punteggi
Percentuale di utenti per punteggio
Percentile per numero di risposta
I tuoi punteggi nel tempo
Non hai fatto questo quiz